MDQL
is popping MORE tags! Check the
thread
!
Quizzes
Events
Quiz Creation
Community
Videos
Private Events
Remove Ads
Sign In
Join for FREE
Feedback
Dark Mode
Quiz Categories
Sports
Geography
Music
Movies
Television
Just For Fun
Miscellaneous
History
Literature
Language
Science
Gaming
Entertainment
Religion
Holiday
For Kids
Quiz Lab
Recent
Popular Today
Quiz Kudos Today
Editor Picks
Curator Picks
Quizzes by...
Day
Popularity
Type
Ratings
Length
Year
Community
Subscriptions
Recent Discussions
Orange Saloon
Badges
Playlists
Quests
Create
Leaderboards
Showdown
Live 5
Trivia Bingo
Activity
Puzzle Library
Sporcle Events
Private Events
Virtual Trivia
Globe League
Become a Host
Pub Owners
SporcleCon
Opinionation
Our Games
Videos
Blog
Mobile Apps
Partnerships
Remove Ads and Go Orange
Feedback
Sports
Athletes
MLB
NBA
NHL
NFL
Soccer
Sports Teams
WWE
NCAA
Football
Premier League
Basketball
Baseball
Hockey
Golf
Tennis
Cricket
Rugby
Auto Racing
Olympics
World Cup
Sports
Athletes
MLB
NBA
NHL
NFL
Soccer
Sports Teams
WWE
NCAA
Football
Premier League
Basketball
Baseball
Hockey
Golf
Tennis
Cricket
Rugby
Auto Racing
Olympics
World Cup
Random Quiz
Search Sporcle
×
Quiz Lab
Quiz Lab
Sports
MLB
Type in answers that appear in a list
Type in answers that appear in a list
Classic
Best Score? Go Orange.
Mets Opening Day MIddle Infields Stats
Can you name the Mets Opening Day MIddle Infields Since 2000?
By
MetsDaddy
10m
34 Questions
133 Plays
133 Plays
133 Plays
Comments
Comments
Give Quiz Kudos
Give Quiz Kudos
-
- Ratings
hide this ad
More Info
Forced Order
Answers have to be entered in order
Answers have to be entered in order
Replay
Link that replays current quiz
Next Quiz
Link to next quiz in quiz playlist
You Got
0%
They Got
Avg Score
63%
Avg Friend Score
Upgrade to see
Score Distribution
Jump to the score distribution portion of the page
Score
0/34
Timer
10:00
0
Plays Today
Year
Player
% Correct
2000
Edgardo Alfonzo
88%
2000
Rey Ordonez
87.2%
2007
Jose Reyes
85%
2006
Jose Reyes
84.2%
2008
Jose Reyes
84.2%
2001
Edgardo Alfonzo
83.5%
2001
Rey Ordonez
83.5%
2009
Jose Reyes
83.5%
2005
Jose Reyes
82%
2015
Daniel Murphy
80.5%
2016
Neil Walker
77.4%
2002
Rey Ordonez
76.7%
2016
Asdrubal Cabrera
76.7%
2013
Daniel Murphy
72.9%
2014
Ruben Tejada
69.9%
2012
Daniel Murphy
66.2%
2008
Luis Castillo
64.7%
Year
Player
% Correct
2013
Ruben Tejada
63.9%
2015
Wilmer Flores
63.9%
2009
Luis Castillo
61.7%
2010
Luis Castillo
60.9%
2002
Roberto Alomar
59.4%
2011
Jose Reyes
57.9%
2003
Roberto Alomar
57.1%
2012
Ruben Tejada
56.4%
2004
Kazuo Matsui
55.6%
2005
Kazuo Matsui
54.9%
2007
Jose Valentin
48.1%
2010
Alex Cora
39.1%
2003
Rey Sanchez
36.1%
2006
Anderson Hernandez
33.8%
2011
Brad Emaus
28.6%
2014
Eric Young, Jr.
24.1%
2004
Ricky Gutierrez
21.1%
Quiz Playlist
Details
Report
Send in Message
Add To Playlist
More Info:
This quiz is brought to you by metsdaddy.com
Classic:
Type in answers that appear in a list
Forced Order:
Answers have to be entered in order
Quiz Source
Last Updated: Feb 20, 2017
Quiz Scoreboard
CHALLENGE
Sign Up to Join the Scoreboard
Show All
Scores
Hide
Comments
May contain spoilers
Recently Published
Find the 'City' Movie
by crazypaving
Movies
60s
5x2 Blitz: Bands
by SL_Kpop136
Music
30s
Colored Red Africa Blitz
by spor1
Geography
30s
More to Explore
Quiz From the Vault
Featured Blog Post
14 Easter Pick-up Lines to Find Eggs With
hide this ad
You Might Also Like...
Tags
Baseball Quiz
MLB Quiz
Double Plays
Middle Infielders
MLB Player
New York Mets
Opening Day Lineups
Second Basemen
shortstop
Today's Top Quizzes in Sports
Browse Sports
hide this ad
Today's Top Quizzes in MLB
Browse MLB
Top Contributed Quizzes in Sports
1
Players with Multiple 50 Home Run Seasons
2
Les entraîneurs de l'OM et du PSG au 21e siècle
3
Criteria MLB: Left Handed Sluggers
4
2022 World Cup Stars
5
Les meilleurs buteurs des matchs entre le PSG et l’OM
6
Who Hit More Homers?
7
Les joueurs passés par le PSG et l'OM
8
NBA Logic Puzzle 2.0
9
Top 10 NHL Goal Scorers of All Time
10
MLB Players with Two .350 Batting Average Seasons
Explore More
Trending Topics
Kpop
Crossword
Marvel
Harry Potter
Disney
NBA
Anime
WWE
Song
NFL
Pokémon
Country
Soccer
The Office
Puzzle
hide this ad
More By:
MetsDaddy
Quiz
Plays
Rating
Category
Featured
Created
Home Run Derby Winners Who Led League in Homers
4,787
5.00
Sports
Jul 11, 2019
Back To Back Cy Young Award Winners
1,372
4.33
Sports
Aug 1, 2019
Every MLB Teams Best Catcher
1,311
3.29
Sports
May 27, 2020
Pitchers Who Have Won Three Cy Young Awards
1,185
4.83
Sports
Feb 20, 2020
MLB Players With Number Retired By Multiple Teams
1,136
4.30
Sports
Feb 7, 2019
Go to Creator's Profile
Score Distribution
Quiz Creator Spotlight
MetsDaddy
Follow
Send a Message
Quizzes Created
-
Created Quiz Play Count
-
More By This Creator
Popular Quizzes Today
1
Colored Red Africa Blitz
2
Find the US States - No Outlines Minefield
3
Find the 'City' Movie
4
5x2 Blitz: Bands
5
The Countries of the World
6
Find the US States
7
US States
8
9x9 Crossword: Cartoon Network
More Sports Quizzes
Hockey Champions! ✔️
Quiz Lab
Trending Quizzes
Colored Red Europe Blitz I
Colored Red Europe Blitz II
Colored Red Africa Blitz II
Colored Red Africa Blitz III
Colored Red Europe Blitz III
Recently Updated
Godzilla Movies
pecheneg
Grab Bag: 4-10 Letters
pecheneg
2024 March Madness Bracket
pecheneg
Famous TV Couples
Peacemaker
Champions League XIs: Real Madrid
pecheneg
Largest US Cities 1790-2010
pecheneg
Rides in Walt Disney World
pecheneg
Most Oscar Losses (Acting)
pecheneg
Beyoncé Albums
pecheneg
Leaping Animals
pecheneg
Trending Topics
Crossword
Anime
Harry Potter
NBA
Kpop
Disney
Marvel
Song
Soccer
Country
WWE
NFL
The Office
Pokémon
Puzzle
Your Account Isn't Verified!
In order to create a playlist on Sporcle, you need to verify the email address you used during registration. Go to your
Sporcle Settings
to finish the process.
Report this User
Report this user for behavior that violates our
Community Guidelines
.
Details:
Send Report
Go to the Sporcle.com Mobile Site →
Comments